000 00661cam a22002531 4500
001 sa 63002950
003 DLC
005 20260227111938.0
008 890505s1962 ii b 000 0 hino
010 _asa 63002950
035 _a(OCoLC)19660363
040 _aDLC
_cWaU
_dDLC
042 _apremarc
043 _aa-ii---
050 0 0 _aPK2040
_b.K3
100 1 _aKānti, Mithileśa.
245 1 0 _aHindī bhakti-śr̥ngāra kā svarūpa.
260 _c[1962]
300 _a223 p.
_c22 cm.
500 _aIn Hindi.
504 _aIncludes bibliography.
650 0 _aHindi poetry
_xHistory and criticism.
650 0 _aLove poetry
_xHistory and criticism.
999 _c54799
_d54799